000 00466nam a2200157Ia 4500
003 IN-BaIIA
008 211028s9999 xx 000 0 eng d
040 _cIIA Library
080 _aGEN ROY
100 _aRoy, S.B.
_916113
245 0 _aEarly aryans of India (3100-1400 BC)
_cS.B. Roy
260 _aNavarang
_bDirect
_c1989
300 _a196p.
650 _aIndo-Aryans
_916114
942 _cBK
999 _c9558
_d9558